000 00521nam a2200169Ia 4500
003 IN-BaIIA
008 211028s9999 xx 000 0 eng d
040 _cIIA Library
080 _a517.91
_bCHA
100 _aChaundy, T. W
_99485
245 0 _aElementary differential equations
_cT. W. Chaundy
260 _aOxford
_bClarendon Press
_c1969
300 _axii, 414p.
650 _aAstronomy and Astrophysics Thesaurus
650 _aDifferential equations
_91510
942 _cBK
999 _c5459
_d5459